000 00582nam a22001937a 4500
005 20251108170917.0
008 250721s1982 xx 000 0 ara d
082 1 4 _aط/591/بول
100 1 _aبول، جون
245 1 0 _aقصة العنكبوت /
264 1 _aبيروت :
_bمكتبة لبنان،
_c1982.
300 _a51ص.
490 0 _aسلسلة التاريخ الطبيعي
650 1 7 _aالعنكبوت
653 _aنااشئون صغار ( 10 - 14 سنة )
700 1 _aالخطيب، أحمد شفيق
_eترجمة
942 _2ddc
_cBK
999 _c51921
_d51921